00479cam a22001572 4500001001100000005001700011008004100028020001700069040001500086050001600101100003300117245005800150260006000208300001500268650003800283000000333620151217151923.0070503s xx 000 0 eng d a0268018979 : aKABUcKABU 0aJC575b.W351 aWalzer, Michael.@000015316710aThick and thin :bmoral arguments at home and abroad. aNorte Dame, Indiana :bUniversity of Notre Dame,c1994. axi, 108 p. 0aDistributive justice.@0000153168